| 000 | 00553nam a2200193Ia 4500 | ||
|---|---|---|---|
| 005 | 20250508162631.0 | ||
| 008 | 008 250505s9999 xx 000 0 hin d | ||
| 037 | _aTextual | ||
| 040 |
_aFEDL _beng _cFEDL |
||
| 041 |
_ahin _2eng |
||
| 084 |
_a491.435, GOS _qFEDL |
||
| 100 |
_aGoswami Siva Kant _9773648 |
||
| 245 | 0 | _aVyavaharik hindi vyakarana avam rachna | |
| 260 |
_aKanpur, India _bVidya Prakashan _c1987 |
||
| 300 | _a152p. | ||
| 700 |
_a Saraf Manohar _9773649 |
||
| 942 |
_cTEXL _h491.435, GOS |
||
| 999 |
_c1377746 _d1377746 |
||